[Event "Scarborough CC Ridout"]
[Site "Toronto CAN"]
[Date "2019.10.17"]
[Round "6.1"]
[White "Southam, David"]
[Black "Huang, Youhe"]
[Result "0-1"]
[WhiteElo "2164"]
[BlackElo "2033"]
[PlyCount "64"]
[EventDate "2019.09.12"]
[EventType "swiss"]
[EventRounds "7"]
[EventCountry "CAN"]

1. d4 Nf6 2. c4 e5 3. dxe5 Ng4 4. e3 Nxe5 5. Nh3 Bb4+ 6. Bd2 a5 7. Nf4 Na6 8.
Nc3 g5 9. Nh5 Nc5 10. a3 Bxc3 11. Bxc3 Qe7 12. Ng7+ Kd8 13. Nf5 Qe6 14. Nd4 Qg6
15. Nf3 Nxf3+ 16. Qxf3 Rf8 17. Qf6+ Ke8 18. Qe5+ Ne6 19. Be2 d6 20. Qd5 Nc5 21.
O-O Bd7 22. b4 Bc6 23. Qd1 Ne4 24. Bd4 b6 25. Bd3 f5 26. Qc2 g4 27. c5 dxc5 28.
bxc5 Ng5 29. cxb6 Nf3+ 30. Kh1 Qh6 31. Be5 Nxe5 32. f4 g3 0-1

[Event "Scarborough CC Ridout"]
[Site "Toronto CAN"]
[Date "2019.10.17"]
[Round "6.2"]
[White "Mao, Fengxi"]
[Black "Jeyakumar, Bhavatharshan"]
[Result "1-0"]
[WhiteElo "2146"]
[BlackElo "1818"]
[PlyCount "67"]
[EventDate "2019.09.12"]
[EventType "swiss"]
[EventRounds "7"]
[EventCountry "CAN"]

1. Nh3 Nf6 2. g3 g6 3. Bg2 Bg7 4. O-O O-O 5. f4 d6 6. d3 c6 7. Nf2 e5 8. fxe5
dxe5 9. Nd2 Nd5 10. Nc4 Be6 11. e4 Ne7 12. Qe2 Qc7 13. Bd2 Na6 14. a4 c5 15.
Ng4 Bxg4 16. Qxg4 Nb4 17. Ne3 Nbc6 18. c3 Rad8 19. Nd5 Nxd5 20. exd5 Ne7 21. c4
f5 22. Qe2 Nc8 23. Rab1 Nd6 24. b4 b6 25. Rb3 e4 26. dxe4 fxe4 27. Bh3 Rxf1+
28. Bxf1 Rc8 29. Bh3 Rf8 30. Kg2 Bd4 31. Bf4 cxb4 32. Be6+ Kg7 33. Qd2 Bc3 34.
Bh6+ 1-0

[Event "Scarborough CC Ridout"]
[Site "Toronto CAN"]
[Date "2019.10.17"]
[Round "6.3"]
[White "Zhao, Jeffrey R"]
[Black "De Costa, Alex"]
[Result "1-0"]
[WhiteElo "2149"]
[BlackElo "1801"]
[PlyCount "68"]
[EventDate "2019.09.12"]
[EventType "swiss"]
[EventRounds "7"]
[EventCountry "CAN"]

1. e4 c5 2. Nf3 e6 3. d4 cxd4 4. Nxd4 a6 5. Bd3 Nf6 6. O-O d6 7. Qe2 Be7 8. f4
Nbd7 9. c4 Qc7 10. b3 b6 11. Bb2 Bb7 12. Nc3 O-O 13. Rae1 Nc5 14. Bb1 Rfd8 15.
Kh1 Rd7 16. Nf3 d5 17. e5 Nfe4 18. Nxe4 dxe4 19. Nd2 Nd3 20. Bxd3 exd3 21. Qg4
Bb4 22. Rd1 b5 23. f5 Qc6 24. f6 g6 25. Rf3 Bxd2 26. Rxd2 Qe4 27. Qg3 bxc4 28.
Rf4 Qe2 29. Rxe2 dxe2 30. Bc3 Rd1+ 31. Be1 cxb3 32. axb3 Rc8 33. Rc4 Rxc4 34.
bxc4 a5 1-0

[Event "Scarborough CC Ridout"]
[Site "Toronto CAN"]
[Date "2019.10.17"]
[Round "6.4"]
[White "Hay, Jonathan"]
[Black "Sharpe, Sam"]
[Result "1/2-1/2"]
[WhiteElo "2063"]
[BlackElo "1954"]
[PlyCount "62"]
[EventDate "2019.09.12"]
[EventType "swiss"]
[EventRounds "7"]
[EventCountry "CAN"]

1. d4 Nf6 2. Bf4 c5 3. d5 g6 4. Nc3 d6 5. e4 Bg7 6. Nf3 Bg4 7. Be2 Nbd7 8. O-O
O-O 9. h3 Bxf3 10. Bxf3 Qa5 11. a4 Rfe8 12. Bg3 a6 13. Be2 Qb4 14. Qd3 Qd4 15.
Rad1 Qxd3 16. Rxd3 Rab8 17. f4 c4 18. Rdd1 b5 19. axb5 axb5 20. e5 Nh5 21. Bxh5
gxh5 22. Rfe1 f5 23. exd6 b4 24. Na4 exd6 25. Bh4 Kf7 26. b3 c3 27. Kf1 Bf6 28.
Bf2 h4 29. Rxe8 Rxe8 30. Re1 Bd8 31. Rxe8 Kxe8 1/2-1/2

[Event "Scarborough CC Ridout"]
[Site "Toronto CAN"]
[Date "2019.10.17"]
[Round "6.5"]
[White "Mendoza, Armand Jess"]
[Black "Xie, Austin"]
[Result "0-1"]
[WhiteElo "1943"]
[BlackElo "1965"]
[PlyCount "62"]
[EventDate "2019.09.12"]
[EventType "swiss"]
[EventRounds "7"]
[EventCountry "CAN"]

1. d4 d5 2. Nc3 Nf6 3. Bg5 Bf5 4. e3 e6 5. Bd3 Bxd3 6. Qxd3 Nbd7 7. Nf3 c6 8.
Ne5 Bd6 9. f4 Qa5 10. O-O Ng8 11. Nxd7 Kxd7 12. f5 e5 13. a3 e4 14. Qe2 f6 15.
b4 Qc7 16. Bf4 Ne7 17. Bxd6 Qxd6 18. b5 g6 19. bxc6+ Qxc6 20. Na2 Nxf5 21. Nb4
Qc4 22. Qg4 Ke7 23. Rxf5 gxf5 24. Qxf5 Rad8 25. Rf1 Rd6 26. g4 a5 27. g5 axb4
28. gxf6+ Kd8 29. Qg5 Rf8 30. Qg7 Qxf1+ 31. Kxf1 Rdxf6+ 0-1

[Event "Scarborough CC Ridout"]
[Site "Toronto CAN"]
[Date "2019.10.17"]
[Round "6.6"]
[White "Tavana, Joseph"]
[Black "Gao, Raymond"]
[Result "0-1"]
[WhiteElo "1781"]
[BlackElo "2031"]
[PlyCount "100"]
[EventDate "2019.09.12"]
[EventType "swiss"]
[EventRounds "7"]
[EventCountry "CAN"]

1. d4 Nf6 2. Nf3 g6 3. c4 Bg7 4. Nc3 O-O 5. Bf4 c5 6. Qd2 cxd4 7. Nxd4 Nc6 8.
Nf3 Qa5 9. Bh6 Bxh6 10. Qxh6 Ne4 11. Qe3 Nxc3 12. Qxc3 Qxc3+ 13. bxc3 d6 14. e3
Be6 15. Rb1 b6 16. Nd4 Bd7 17. Be2 Rfc8 18. Kd2 Ne5 19. Rb4 Rc5 20. f4 Nc6 21.
Rb2 Na5 22. Rb4 Rac8 23. Rc1 Nxc4+ 24. Bxc4 Rxc4 25. g3 Kg7 26. a3 Rxb4 27.
axb4 a5 28. bxa5 bxa5 29. Rb1 Rc7 30. Rb6 Ra7 31. Nb5 Bxb5 32. Rxb5 a4 33. Kc2
a3 34. Kb1 a2+ 35. Ka1 Ra3 36. Rb7 Kf6 37. e4 Rxc3 38. Rb2 Re3 39. e5+ dxe5 40.
fxe5+ Rxe5 41. Kxa2 Kg5 42. h3 Re3 43. Rg2 f5 44. Kb2 e5 45. Kc2 e4 46. Kd2 Ra3
47. Rg1 Ra2+ 48. Ke3 Rh2 49. h4+ Kg4 50. h5 Rxh5 0-1

[Event "Scarborough CC Ridout"]
[Site "Toronto CAN"]
[Date "2019.10.24"]
[Round "7.1"]
[White "Zhao, Jeffrey R"]
[Black "Mao, Fengxi"]
[Result "1/2-1/2"]
[WhiteElo "2149"]
[BlackElo "2146"]
[PlyCount "44"]
[EventDate "2019.09.12"]
[EventType "swiss"]
[EventRounds "7"]
[EventCountry "CAN"]

1. e4 e5 2. Nf3 Nc6 3. Bc4 Bc5 4. O-O Nf6 5. d3 O-O 6. Nbd2 d6 7. c3 a6 8. a4
Ba7 9. h3 Ne7 10. Re1 Ng6 11. Bb3 c6 12. d4 Re8 13. a5 h6 14. Bc2 Nh5 15. Nf1
Qf6 16. Be3 Nhf4 17. Ng3 Nh4 18. Nxh4 Qxh4 19. Qf3 Qf6 20. Bxf4 Qxf4 21. Qxf4
exf4 22. Nf5 Bxf5 1/2-1/2

[Event "Scarborough CC Ridout"]
[Site "Toronto CAN"]
[Date "2019.10.24"]
[Round "7.2"]
[White "Xie, Austin"]
[Black "Southam, David"]
[Result "0-1"]
[WhiteElo "1965"]
[BlackElo "2153"]
[PlyCount "96"]
[EventDate "2019.09.12"]
[EventType "swiss"]
[EventRounds "7"]
[EventCountry "CAN"]

1. e4 e6 2. d4 d5 3. Nc3 Bb4 4. e5 c5 5. a3 Bxc3+ 6. bxc3 Ne7 7. Qg4 O-O 8. f4
f5 9. exf6 Rxf6 10. Qd1 Nbc6 11. Nf3 Nf5 12. Be2 Rg6 13. O-O Qb6 14. Kh1 cxd4
15. cxd4 Bd7 16. c3 Rf8 17. Bd2 Qd8 18. Qe1 Rgf6 19. Bd3 g6 20. Rb1 b6 21. Ne5
Nxe5 22. fxe5 R6f7 23. Qe2 Qh4 24. Rf3 Qe7 25. c4 Nxd4 26. Rxf7 Rxf7 27. Qg4
Nc6 28. Qg3 dxc4 29. Bxc4 Qc5 30. Qb3 Qxe5 31. Re1 Qf5 32. h3 Na5 33. Bxa5 Qxa5
34. Rd1 Kg7 35. Bxe6 Bxe6 36. Qxe6 Qxa3 37. Qe5+ Kh6 38. Rd4 Qc1+ 39. Kh2 Qg5
40. Qe8 Qe7 41. Qa4 Qe5+ 42. Kg1 Rc7 43. Qd1 Rf7 44. Qd2+ Kg7 45. Rd5 Qf6 46.
Rd7 h5 47. Rxf7+ Qxf7 48. Qd4+ Kh7 0-1

[Event "Scarborough CC Ridout"]
[Site "Toronto CAN"]
[Date "2019.10.24"]
[Round "7.3"]
[White "Jeyakumar, Bhavatharshan"]
[Black "Huang, Youhe"]
[Result "0-1"]
[WhiteElo "1818"]
[BlackElo "2033"]
[PlyCount "64"]
[EventDate "2019.09.12"]
[EventType "swiss"]
[EventRounds "7"]
[EventCountry "CAN"]

1. e4 c5 2. Nf3 Nc6 3. d4 cxd4 4. Nxd4 Nf6 5. Nc3 e5 6. Nb3 Bb4 7. f3 d5 8.
exd5 Nxd5 9. Bd2 Bf5 10. Bc4 Qh4+ 11. g3 Qxc4 12. Nxd5 Qxd5 13. c3 Bc5 14. Nxc5
Qxc5 15. Qe2 O-O 16. g4 Be6 17. Be3 Qc4 18. Qg2 Rad8 19. Kf2 e4 20. f4 Rd3 21.
Rhe1 Rfd8 22. Qg3 Qb5 23. Re2 f5 24. gxf5 Qxf5 25. Rg1 g6 26. h4 Qh3 27. h5
Qxg3+ 28. Rxg3 Kf7 29. Kg1 Ne7 30. hxg6+ hxg6 31. Rh2 Nf5 32. Rh7+ Kf6 0-1

[Event "Scarborough CC Ridout"]
[Site "Toronto CAN"]
[Date "2019.10.24"]
[Round "7.4"]
[White "Cliff, Scott"]
[Black "Manalo, Pepin"]
[Result "1-0"]
[WhiteElo "1834"]
[BlackElo "1949"]
[PlyCount "145"]
[EventDate "2019.09.12"]
[EventType "swiss"]
[EventRounds "7"]
[EventCountry "CAN"]

1. d4 Nf6 2. c4 e6 3. Nc3 d5 4. cxd5 exd5 5. Bg5 Be7 6. e3 O-O 7. Bd3 b6 8. Qc2
h6 9. Bh4 Bb7 10. Nge2 Na6 11. a3 c5 12. O-O Ne4 13. Bxa6 Bxa6 14. Bxe7 Qxe7
15. Nxd5 Qd6 16. Ndc3 Nxc3 17. bxc3 cxd4 18. cxd4 Rac8 19. Qb2 Qg6 20. Rac1 Bc4
21. Rfd1 Rfd8 22. Nf4 Qg5 23. d5 b5 24. Rd4 Qe5 25. Qd2 Rd6 26. Nd3 Qg5 27. Nb2
Rg6 28. f4 Qg4 29. Nxc4 bxc4 30. Rdxc4 Rb8 31. e4 Rb3 32. d6 Rd3 33. Qf2 Rgxd6
34. Re1 Rd2 35. h3 Qe6 36. Qf1 R6d3 37. Ra4 Qb6+ 38. Kh1 Qb3 39. Rxa7 Qb6 40.
Ra8+ Kh7 41. f5 Qd4 42. Qf4 Rd1 43. Rxd1 Rxd1+ 44. Kh2 Qg1+ 45. Kg3 Rd3+ 46.
Kh4 Qxg2 47. Qg4 Qf2+ 48. Kh5 Rxh3+ 49. Qxh3 g6+ 50. fxg6+ fxg6+ 51. Kg4 h5+
52. Kg5 Qc5+ 53. Kf4 g5+ 54. Kg3 Qg1+ 55. Qg2 h4+ 56. Kf3 Qd1+ 57. Qe2 g4+ 58.
Ke3 Qc1+ 59. Kd3 Qb1+ 60. Kc4 Qc1+ 61. Kd5 Qg1 62. Qd3 Qg2 63. Ra7+ Kg6 64.
Qa6+ Kg5 65. Rg7+ Kf4 66. Rf7+ Kg3 67. Qd3+ Kh2 68. Qf1 Qa2+ 69. Ke5 Qb2+ 70.
Kf4 Qd2+ 71. Kxg4 h3 72. Rf2+ Qxf2 73. Qxf2+ 1-0

[Event "Scarborough CC Ridout"]
[Site "Toronto CAN"]
[Date "2019.10.24"]
[Round "7.5"]
[White "Sharpe, Sam"]
[Black "Wu, Benjamin"]
[Result "1/2-1/2"]
[WhiteElo "1954"]
[BlackElo "1801"]
[PlyCount "62"]
[EventDate "2019.09.12"]
[EventType "swiss"]
[EventRounds "7"]
[EventCountry "CAN"]

1. e4 e6 2. d4 d5 3. e5 c5 4. c3 Nc6 5. Nf3 Qb6 6. a3 cxd4 7. cxd4 Bd7 8. Nc3
Rc8 9. Be2 Nge7 10. O-O Ng6 11. Na4 Qc7 12. b4 Be7 13. g3 f6 14. exf6 Bxf6 15.
Bb2 e5 16. dxe5 Ncxe5 17. Rc1 Qd6 18. Rxc8+ Bxc8 19. Nxe5 Bxe5 20. Bb5+ Bd7 21.
Bxd7+ Kxd7 22. Bxe5 Nxe5 23. f4 Nc4 24. Qg4+ Kc6 25. Qxg7 Re8 26. b5+ Kxb5 27.
Qxb7+ Kxa4 28. Rb1 Qc5+ 29. Kh1 Ka5 30. Rb5+ Qxb5 31. Qxa7+ Qa6 1/2-1/2

[Event "Scarborough CC Ridout"]
[Site "Toronto CAN"]
[Date "2019.10.24"]
[Round "7.6"]
[White "Gao, Raymond"]
[Black "Jacobs, Michael"]
[Result "1-0"]
[WhiteElo "2031"]
[BlackElo "1766"]
[PlyCount "59"]
[EventDate "2019.09.12"]
[EventType "swiss"]
[EventRounds "7"]
[EventCountry "CAN"]

1. Nf3 d5 2. b3 Nf6 3. Bb2 Nc6 4. e3 Bg4 5. d4 e6 6. Be2 Bd6 7. Ne5 Bxe2 8.
Qxe2 Bxe5 9. dxe5 Nd7 10. f4 Qh4+ 11. g3 Qh3 12. Nd2 O-O-O 13. Nf3 Qg4 14.
O-O-O f6 15. h3 Qg6 16. g4 fxe5 17. fxe5 h6 18. Rhf1 Nc5 19. Qb5 Ne4 20. Nd4
Nxe5 21. Qa5 Nc6 22. Nxc6 bxc6 23. Qxa7 Kd7 24. Be5 Nd6 25. Qc5 Ra8 26. Rf4 Ne4
27. Qd4 Rxa2 28. Qxe4 Qxe4 29. Rxe4 Rha8 30. Rf4 1-0

[Event "Scarborough CC Ridout"]
[Site "Toronto CAN"]
[Date "2019.10.24"]
[Round "7.7"]
[White "Xiao, Edward"]
[Black "Leblanc, Miguel"]
[Result "1/2-1/2"]
[WhiteElo "1834"]
[BlackElo "1758"]
[PlyCount "44"]
[EventDate "2019.09.12"]
[EventType "swiss"]
[EventRounds "7"]
[EventCountry "CAN"]

1. d4 Nf6 2. c4 e6 3. Nf3 b6 4. e3 Bb7 5. Be2 Bb4+ 6. Bd2 Bxd2+ 7. Nbxd2 d6 8.
O-O O-O 9. Qc2 Nbd7 10. Bd3 h6 11. Rfe1 c5 12. Rad1 d5 13. b3 Rc8 14. Qb1 Re8
15. cxd5 Nxd5 16. Rc1 Nb4 17. Be4 Bxe4 18. Nxe4 Nf6 19. Nxf6+ Qxf6 20. a3 Nd5
21. dxc5 Nc3 22. Qd3 Rxc5 1/2-1/2

[Event "Scarborough CC Ridout U1800"]
[Site "Toronto CAN"]
[Date "2019.10.03"]
[Round "4"]
[White "Yuan, Daniel"]
[Black "Armstrong, Robert J"]
[Result "1/2-1/2"]
[WhiteElo "1442"]
[BlackElo "1619"]
[PlyCount "49"]
[EventDate "2019.09.12"]
[EventType "swiss"]
[EventRounds "7"]
[EventCountry "CAN"]

1. e4 g6 2. d4 Bg7 3. Nf3 c5 4. Be3 Qa5+ 5. Nbd2 Nc6 6. c3 cxd4 7. Nxd4 Nxd4 8.
Bxd4 Bxd4 9. cxd4 Qb4 10. Qc2 Qxd4 11. Rc1 Kf8 12. Qc7 Kg7 13. Qd8 e6 14. Rxc8
Rxc8 15. Qxc8 Qxb2 16. Qxd7 Nf6 17. Qc7 Qa1+ 18. Ke2 Qxa2 19. g3 Nxe4 20. Qe5+
Nf6 21. Bg2 Qa6+ 22. Ke1 Rc8 23. f4 Rc1+ 24. Kf2 Qb6+ 25. Ke2 1/2-1/2

[Event "Scarborough CC Ridout U1800"]
[Site "Toronto CAN"]
[Date "2019.10.17"]
[Round "6"]
[White "Armstrong, Robert J"]
[Black "Zhang, Richard"]
[Result "0-1"]
[WhiteElo "1618"]
[BlackElo "1427"]
[PlyCount "48"]
[EventDate "2019.09.12"]
[EventType "swiss"]
[EventRounds "7"]
[EventCountry "CAN"]

1. d4 Nf6 2. c4 g6 3. Nc3 Bg7 4. e4 d6 5. f3 O-O 6. Be3 b6 7. Nge2 Bb7 8. g4
Nbd7 9. Ng3 e5 10. d5 Ne8 11. h4 h6 12. Qd2 Kh7 13. O-O-O Nc5 14. g5 h5 15. Bh3
Bc8 16. Kc2 Bxh3 17. Rxh3 Qd7 18. Qg2 Rh8 19. Nxh5 gxh5 20. g6+ fxg6 21. Rg1
Qf7 22. Rg3 Bh6 23. Rxg6 Bxe3 24. Rg7+ Qxg7 0-1

[Event "Scarborough CC Ridout U1800"]
[Site "Toronto CAN"]
[Date "2019.10.24"]
[Round "7"]
[White "Armstrong, Robert J"]
[Black "Lim, Carl"]
[Result "1-0"]
[WhiteElo "1618"]
[BlackElo "1504"]
[PlyCount "57"]
[EventDate "2019.09.12"]
[EventType "swiss"]
[EventRounds "7"]
[EventCountry "CAN"]

1. d4 Nf6 2. c4 g6 3. Nc3 Bg7 4. e4 d6 5. f3 O-O 6. Be3 Nbd7 7. Nge2 e5 8. d5
Ne8 9. g4 c6 10. h4 cxd5 11. cxd5 Nb6 12. Ng3 f5 13. exf5 gxf5 14. Bg5 Bf6 15.
Qd2 fxg4 16. Nce4 Be7 17. fxg4 Bxg4 18. Be2 Bxe2 19. Kxe2 Qd7 20. Bxe7 Qxe7 21.
Raf1 Ng7 22. Qh6 Nd7 23. Rhg1 Rxf1 24. Kxf1 Rf8+ 25. Ke2 Rf4 26. Nh5 Rxe4+ 27.
Kd2 Rd4+ 28. Kc3 Rd3+ 29. Kxd3 1-0

[Event "Scarborough CC Spring into Summer"]
[Site "Toronto CAN"]
[Date "2019.05.30"]
[Round "1.1"]
[White "La Manna, Andrea"]
[Black "Hay, Jonathan"]
[Result "1-0"]
[WhiteElo "2312"]
[BlackElo "2043"]
[PlyCount "67"]
[EventDate "2019.05.30"]
[EventType "swiss"]
[EventRounds "5"]
[EventCountry "CAN"]

1. d4 d5 2. c4 c6 3. Nc3 Nf6 4. cxd5 cxd5 5. Bf4 Qb6 6. e3 Bd7 7. Bd3 e6 8.
Nge2 Be7 9. a3 Bc6 10. b4 a6 11. O-O O-O 12. Qc2 Nbd7 13. Rfb1 Qd8 14. a4 b6
15. b5 Bb7 16. bxa6 Bxa6 17. Nb5 Bxb5 18. axb5 h6 19. Qc6 Rxa1 20. Rxa1 Bb4 21.
Ra7 Ba5 22. f3 Nb8 23. Qb7 Qc8 24. Bd6 Nfd7 25. Bxf8 Qxf8 26. Ra8 g6 27. Qc7
Kg7 28. Qc1 Qb4 29. Ra7 Qb3 30. Qb1 Qa3 31. h3 Qd6 32. Qc1 h5 33. Rc7 Bd2 34.
Rxd7 1-0

[Event "Scarborough CC Spring into Summer"]
[Site "Toronto CAN"]
[Date "2019.05.30"]
[Round "1.2"]
[White "Xu, Jeffrey"]
[Black "Sharpe, Sam"]
[Result "1-0"]
[WhiteElo "2267"]
[BlackElo "1940"]
[PlyCount "105"]
[EventDate "2019.05.30"]
[EventType "swiss"]
[EventRounds "5"]
[EventCountry "CAN"]

1. e4 e6 2. d4 d5 3. e5 c5 4. c3 Nc6 5. Nf3 Bd7 6. a3 f6 7. Be2 a5 8. c4 cxd4
9. cxd5 exd5 10. exf6 Nxf6 11. Bg5 Bd6 12. Nxd4 O-O 13. Nb5 Bc5 14. O-O d4 15.
Nd2 Bf5 16. Rc1 Be7 17. Bf3 Kh8 18. Re1 Rc8 19. Qa4 Qd7 20. Bxc6 Rxc6 21. Rxc6
Qxc6 22. Qxa5 Bd8 23. Qb4 Re8 24. Rxe8+ Qxe8 25. Qxd4 h6 26. Be3 Qxb5 27. Qxd8+
Kh7 28. Qd4 Bd7 29. h3 Bc6 30. Nc4 Nd5 31. Bd2 Nf6 32. Ne5 Bd5 33. Qd3+ Qxd3
34. Nxd3 Kg6 35. Nf4+ Kf5 36. Nxd5 Nxd5 37. Kf1 Ke4 38. Ke2 h5 39. Be3 b5 40.
f3+ Ke5 41. Kd3 g6 42. b3 Ne7 43. a4 bxa4 44. bxa4 Kd5 45. a5 Nc6 46. Bb6 Nb4+
47. Ke3 Ke5 48. Bc7+ Ke6 49. Ke4 Na6 50. Bb6 Kd6 51. Kf4 Ke6 52. Kg5 Kf7 53. f4
1-0

[Event "Scarborough CC Spring into Summer"]
[Site "Toronto CAN"]
[Date "2019.05.30"]
[Round "1.3"]
[White "Leblanc, Miguel"]
[Black "Southam, David"]
[Result "0-1"]
[WhiteElo "1860"]
[BlackElo "2185"]
[PlyCount "74"]
[EventDate "2019.05.30"]
[EventType "swiss"]
[EventRounds "5"]
[EventCountry "CAN"]

1. e4 e6 2. Nf3 d5 3. Nc3 Nf6 4. e5 Nfd7 5. d4 c5 6. Bg5 f6 7. exf6 Nxf6 8. Ne5
cxd4 9. Qxd4 Nc6 10. Bb5 Bd7 11. Bxc6 bxc6 12. Nxd7 Kxd7 13. O-O Bd6 14. Rad1
Rf8 15. Ne4 e5 16. Nc5+ Bxc5 17. Qxc5 Qb6 18. Qa3 Rab8 19. Qh3+ Kd6 20. Qa3+
Qb4 21. Qxa7 Rb7 22. Qa3 Qxa3 23. bxa3 Ne4 24. Bc1 Nc3 25. Rd3 Ne2+ 26. Kh1 Rb1
27. Rdd1 Nc3 28. Rde1 Nxa2 29. a4 Nxc1 30. Rxc1 Rxc1 31. Rxc1 Rxf2 32. Kg1 Rd2
33. a5 Kc7 34. Kf1 e4 35. Ke1 Rxg2 36. a6 Rg1+ 37. Kd2 e3+ 0-1

[Event "Scarborough CC Spring into Summer"]
[Site "Toronto CAN"]
[Date "2019.05.30"]
[Round "1.4"]
[White "Ning, Eric"]
[Black "De Costa, Alex"]
[Result "1-0"]
[WhiteElo "2133"]
[BlackElo "1804"]
[PlyCount "75"]
[EventDate "2019.05.30"]
[EventType "swiss"]
[EventRounds "5"]
[EventCountry "CAN"]

1. d4 Nf6 2. g3 g6 3. Bg2 Bg7 4. c4 d6 5. Nc3 O-O 6. e4 Nc6 7. Nge2 a6 8. O-O
Rb8 9. Re1 e5 10. d5 Ne7 11. b4 Nd7 12. Be3 f5 13. Qd2 b5 14. cxb5 axb5 15. Qd3
fxe4 16. Nxe4 Nb6 17. N2c3 Bd7 18. Ng5 Nc4 19. Ne6 Bxe6 20. dxe6 Nxe3 21. Rxe3
c6 22. Rd1 d5 23. Qe2 Qd6 24. Ne4 Qxe6 25. Nc5 Qc8 26. f4 e4 27. Bxe4 dxe4 28.
Rd7 Nd5 29. Rxe4 Nc3 30. Rxg7+ Kxg7 31. Qb2 Re8 32. Qxc3+ Kh6 33. Re5 Qd8 34.
Ne6 Qd1+ 35. Kf2 Ra8 36. Rh5+ Kxh5 37. Qe5+ Kh6 38. Qg5# 1-0

[Event "Scarborough CC Spring into Summer"]
[Site "Toronto CAN"]
[Date "2019.05.30"]
[Round "1.5"]
[White "Jacobs, Michael"]
[Black "Mao, Fengxi"]
[Result "0-1"]
[WhiteElo "1769"]
[BlackElo "2115"]
[PlyCount "102"]
[EventDate "2019.05.30"]
[EventType "swiss"]
[EventRounds "5"]
[EventCountry "CAN"]

1. e4 e5 2. Nf3 Nc6 3. d4 exd4 4. Bc4 Nf6 5. e5 d5 6. Bb5 Ne4 7. Nxd4 Bd7 8.
Bxc6 bxc6 9. O-O Bc5 10. Be3 Qe7 11. f3 Nd6 12. Re1 Nc4 13. b3 Nxe3 14. Rxe3
O-O 15. Nc3 f6 16. f4 fxe5 17. fxe5 Rf4 18. Nce2 Bg4 19. c3 Bxd4 20. cxd4 Qb4
21. a3 Qb6 22. Kh1 Bxe2 23. Qxe2 Qxd4 24. Rd1 Qc5 25. b4 Qb5 26. Qxb5 cxb5 27.
g3 Re4 28. Rxe4 dxe4 29. Rd4 Re8 30. Rxe4 Kf7 31. Kg2 Ke6 32. Rd4 Re7 33. Kf3
Kxe5 34. Re4+ Kd6 35. Rxe7 Kxe7 36. Ke4 Kd6 37. Kd4 g6 38. g4 g5 39. Ke4 c5 40.
bxc5+ Kxc5 41. Kf5 a5 42. Kxg5 b4 43. axb4+ axb4 44. Kh6 b3 45. Kxh7 b2 46. g5
b1=Q+ 47. g6 Kd6 48. h4 Ke6 49. Kg7 Qf5 50. Kh6 Kf6 51. h5 Qd7 0-1

[Event "Scarborough CC Spring into Summer"]
[Site "Toronto CAN"]
[Date "2019.05.30"]
[Round "1.6"]
[White "Huang, Youhe"]
[Black "Lin, Benjamin"]
[Result "0-1"]
[WhiteElo "2021"]
[BlackElo "2053"]
[PlyCount "104"]
[EventDate "2019.05.30"]
[EventType "swiss"]
[EventRounds "5"]
[EventCountry "CAN"]

1. e4 c5 2. Nf3 e6 3. c3 Nf6 4. e5 Nd5 5. d4 cxd4 6. cxd4 Nc6 7. Nc3 d6 8. Nxd5
exd5 9. Bd3 dxe5 10. dxe5 Bb4+ 11. Bd2 Bxd2+ 12. Qxd2 O-O 13. O-O Bg4 14. Qf4
Bxf3 15. Qxf3 g6 16. Qe2 Re8 17. f4 f6 18. Qg4 fxe5 19. Bxg6 Re7 20. Bxh7+ Kxh7
21. Rf3 Kh8 22. Qg6 Rh7 23. Raf1 Qh4 24. h3 Rg8 25. Qe6 Rhg7 26. R3f2 exf4 27.
Qxd5 Qxh3 28. a3 f3 29. Qxf3 Qxf3 30. Rxf3 Rxg2+ 31. Kh1 R2g3 32. Rxg3 Rxg3 33.
Rf7 Rb3 34. Rf2 Ne5 35. Rc2 Nd3 36. Rc3 Rxc3 37. bxc3 Kg7 38. Kg2 Kf6 39. Kf3
Ke5 40. Ke3 Nc5 41. Kd2 Kd5 42. Kc1 Kc4 43. Kc2 b5 44. Kb2 Kd3 45. Ka2 Kxc3 46.
Ka1 Kb3 47. Kb1 Kxa3 48. Ka1 b4 49. Kb1 b3 50. Ka1 b2+ 51. Kb1 Na4 52. Kc2 Ka2
0-1

[Event "Scarborough CC Spring into Summer"]
[Site "Toronto CAN"]
[Date "2019.05.30"]
[Round "1.7"]
[White "Xiao, Edward"]
[Black "Xie, Austin"]
[Result "1/2-1/2"]
[WhiteElo "1724"]
[BlackElo "1964"]
[PlyCount "50"]
[EventDate "2019.05.30"]
[EventType "swiss"]
[EventRounds "5"]
[EventCountry "CAN"]

1. d4 d5 2. c4 e6 3. Nc3 Nf6 4. cxd5 exd5 5. Bg5 Nbd7 6. e3 c6 7. Bd3 Be7 8.
Qc2 O-O 9. Nf3 Re8 10. O-O b6 11. Rfd1 Bb7 12. Rac1 Rc8 13. Qe2 b5 14. Nd2 a6
15. Nb3 c5 16. Nxc5 Nxc5 17. dxc5 Bxc5 18. Bf5 Rc7 19. Bxf6 Qxf6 20. Nxd5 Bxd5
21. Rxd5 Bb6 22. Rxc7 Bxc7 23. Qc2 Be5 24. b3 g6 25. Bh3 Bb8 1/2-1/2

[Event "Scarborough CC Spring into Summer"]
[Site "Toronto CAN"]
[Date "2019.05.30"]
[Round "1.8"]
[White "Mendoza, Armand Jess"]
[Black "Wu, Benjamin"]
[Result "0-1"]
[WhiteElo "1954"]
[BlackElo "1713"]
[PlyCount "79"]
[EventDate "2019.05.30"]
[EventType "swiss"]
[EventRounds "5"]
[EventCountry "CAN"]

1. e4 c5 2. Nf3 e6 3. d4 cxd4 4. Nxd4 Nf6 5. f3 Nc6 6. Be3 Qb6 7. b3 Bc5 8. c3
e5 9. Nxc6 dxc6 10. Bxc5 Qxc5 11. Be2 Be6 12. b4 Qb6 13. Na3 a5 14. b5 Qc5 15.
Qc1 O-O 16. Qb2 Rfd8 17. Nc2 cxb5 18. Bxb5 Rac8 19. a4 Qxc3+ 20. Qxc3 Rxc3 21.
Na3 g6 22. Ke2 Bb3 23. Rhc1 Rxc1 24. Rxc1 Rd4 25. Rc8+ Kg7 26. Rc7 Bxa4 27. Bc4
Rd7 28. Rc5 b6 29. Rxe5 Ng8 30. Bb5 Bd1+ 31. Ke1 Rd4 32. Rd5 Rxd5 33. exd5 Bb3
34. Bc4 Ba4 35. Kd2 Kf6 36. d6 Nh6 37. f4 Nf5 38. Kc3 Nxd6 39. Kd4 Nxc4 40.
Nxc4 0-1

[Event "Scarborough CC Spring into Summer"]
[Site "Toronto CAN"]
[Date "2019.05.30"]
[Round "1.9"]
[White "Liu, Harry"]
[Black "Zheng, Kevin"]
[Result "0-1"]
[WhiteElo "1710"]
[BlackElo "1942"]
[PlyCount "90"]
[EventDate "2019.05.30"]
[EventType "swiss"]
[EventRounds "5"]
[EventCountry "CAN"]

1. d4 Nf6 2. Bf4 g6 3. Nc3 d5 4. e3 Bg7 5. h4 c5 6. Nb5 Na6 7. c3 Qb6 8. a4 Bf5
9. Bd3 Bd7 10. a5 Qc6 11. Na3 O-O 12. Bb5 Qe6 13. Nf3 Bxb5 14. Nxb5 Nh5 15. Bh2
f6 16. dxc5 Qe4 17. Qd4 f5 18. Qxe4 fxe4 19. Nfd4 Nxc5 20. O-O e5 21. Nc7 exd4
22. Nxa8 Rxa8 23. cxd4 Nd3 24. b3 Bf6 25. g4 Ng7 26. Bg3 h5 27. f3 Bd8 28. gxh5
Nxh5 29. Kg2 Rc8 30. Ra2 Rc3 31. fxe4 dxe4 32. Bd6 Bxh4 33. b4 a6 34. Rf8+ Kg7
35. Rb8 Nc1 36. Rxb7+ Kh6 37. Rd2 Rxe3 38. Rc2 Nd3 39. Bf8+ Kg5 40. Be7+ Kg4
41. Bxh4 Kxh4 42. b5 Ne1+ 43. Kf2 Nxc2 44. bxa6 Rf3+ 45. Ke2 Nxd4+ 0-1